000 011610000a22002410004500
020 _a84-301-1243-X
041 0 _aSPA
082 0 4 _aG 261 S3343h
100 1 _aSchillebeeckx, Edward
245 1 0 _aLos Hombres : relato de Dios / Edward Schillebeeckx ; traducción por Miguel García-Baró
260 _aSalamanca, España : Sígueme
300 _a394 p.
440 0 _aCol. Verdad e imagen ; no.130
500 _aTítulo original en Holandes: Mensen als verhaal van God
501 _arústico
505 0 0 _aHistoria de un mundo e historia de la salvación. Historia de la revelación e historia del sufrimiento - Los hombres en busca de Dios -- Dios en busca de los hombres -- Los cristianos encuentran a Dios ante todo en Jesucristo -- Hacia el gobierno democrático de la iglesia como comunidad de Dios -- A modo de epílogo - Notas y bibliografía -- Índice de autores
650 1 4 _aTEOLOGIA SOCIAL \ SALVACION \ TEOLOGIA DE LA LIBERACION \ HUMANIDAD (TEOLOGIA CRISTIANA) \ LIBERTAD (TEOLOGIA)
001 18215
942 _cBK
999 _c44684
_d44684
336 _atexto
_btxt
_2rdacontent
337 _2rdamedia
_asin mediación
_bn
338 _2rdacarrier
_avolumen
_bnc